Responses for show #1770 - Friday, April 17, 1992

Bruce Simmons game 5.

Contestants

Al Badger, a software engineer from Monterey, California

Keith Marr, a student & writer originally from Seattle, Washington

Bruce Simmons, a grad student from Minneapolis, Minnesota (whose 4-day cash winnings total $63,599)

Jeopardy! Round responses

WILD BILL HICKOK
FOUNTAINS
FILMS OF THE '60s
BOTANY
ODDS & ENDS
PREFIXES
    $100 2
sharpshooter

Al
    $100 16
Fountain of Youth

Keith
    $100 17
The Green Berets

Bruce
    $100 26
(Alex: Yes, and we have less than a minute.)

peonies

Keith
    $100 1
Tom Petty

Al
    $100 10
bio

Al
    $200 3
(Bruce: What's a wagon train?)
(Al: What is a cattle drive?)

stagecoach

BruceAl
Triple Stumper
    $200 18
Evel Knievel

Al
    $200 19
Jack Nicholson

Bruce
    $200 28
pansy

Bruce
    $200 6
chief petty officer

Bruce
    $200 11
demi

Keith
    $300 4
Custer

Keith
    $300 23
Trevi Fountain

Al
    $300 20
The Producers

Bruce
    $300 29
lotus

Al
    $300 7
petty

Keith
    $300 12
mal

Bruce
    $400 5
(Bruce: What's sheriff?)
(Keith: What is postmaster?)

marshal

BruceKeith
Triple Stumper
    $400 24
Nickelodeon

Bruce
    $400 21
Rosemary's Baby

Al
    $400 27
peat moss

Triple Stumper
    $400 8
(Bruce: Who's Al Unser?)
(Keith: Who is A.J. Foyt?)

Richard Petty

BruceKeith
Triple Stumper
    $400 13
phil

Al
    $500 15
(Alex: [*] Butler Hickok)

James

Triple Stumper
    $500 25
Winged Victory

Bruce
    $500 22
Blowup

Al
    $1,500 30
legume

Al
    $500 9
(Alex: [*], yes for 500, that takes you out of the hole and by now I'm sure you picked up on the fact that all of the correct responses were "petty's." [Laughter, especially from Al.]If you would have noticed that earlier it would have been a cinch.)

petit

Keith
    $500 14
quasi

Al

Scores at the first commercial break (after clue 14):

Bruce Keith Al
-$500 $500 $1,000

Scores at the end of the Jeopardy! Round:

Bruce Keith Al
$1,200 $700 $4,200

Double Jeopardy! Round responses

ANCIENT TIMES
FASHION DESIGNERS
LITERATURE
NEW JERSEY CITIES
MUSIC
WORLD WAR II
    $200 1
gold

Bruce
    $200 21
Cuba

Bruce
    $200 11
Tristram

Al
    $200 6
Atlantic City

Bruce
    $200 16
lute

Al
    $200 22
O'Hare

Al
    $400 2
earth

Al
    $400 30
Boss

Bruce
    $400 12
Thomas Wolfe

Al
    $400 7
Newark

Al
    $400 17
a dot

Al
    $400 23
(Bruce: What is Iwo Jima?)

Okinawa

BruceAl
    $600 3
Hammurabi

Bruce
    $600 29
(Bruce: What's Rome?)

Milan

BruceKeith
    $600 13
Disraeli

Bruce
    $600 8
Trenton

Al
    $600 18
The New World

Al
    $600 24
Ho Chi Minh

Al
    $1,300 4
Phoenecians

Bruce
    $800 28
shoes

Triple Stumper
    $4,300 14
Hawthorne

Bruce
    $800 9
(Bruce: What's Campbell?)
...
(Alex: You got the soup right, but you didn't get the town, Bruce, it's [*].)

Camden

Bruce
Triple Stumper
    $800 19
"Can Can"

Al
    $800 25
Klaus Barbie

Triple Stumper
    $1000 5
(Keith: What is, uh, mascara?)

kohl

KeithAl
    $1000 27
Donna Karan

Triple Stumper
    $1000 15
William Kennedy

Keith
    $1000 10
Cape May

Bruce
    $1000 20
(Alex: Well done in the MUSIC category.)
[Applause for Al running the category.]

Vienna

Al
    $1000 26
(Bernard) Montgomery

Bruce

Scores at the end of the Double Jeopardy! Round:

Bruce Keith Al
$9,200 $1,300 $11,400

[wagering suggestions for these scores]

Final Jeopardy! Round responses

INTERNATIONAL ORGANIZATIONS
KeithWhat is the Arab League
$1,300
BruceWhat is OPEC?
$4,800
AlWhat is OPEC?
$8,000
OPEC

Final scores:

Bruce Keith Al
$14,000 $0 $19,400
2nd place: trip on Aerocancun to Cancun, Mexico & stay at Hotel Oasis Cancun 3rd place: Vita-Mixer, 4000 & Nintendo Entertainment System with Super Jeopardy! & Wheel of Fortune + InfoGenius game packs for Nintendo Game Boy New champion: $19,400

Game dynamics:

Coryat scores:

Bruce Keith Al
$5,200 $1,300 $10,400
18 R
(including 2 DDs),
6 W
8 R,
3 W
25 R
(including 1 DD),
1 W

Combined Coryat: $16,900

The J! Archive is created by fans, for fans. The Jeopardy! game show and all elements thereof, including but not limited to copyright and trademark thereto, are the property of Jeopardy Productions, Inc. and are protected under law. This website is not affiliated with, sponsored by, or operated by Jeopardy Productions, Inc. Join the discussion at JBoard.tv.